00456nam a2200133Ia 4500008004100000245009800041260004900139260000900188300001000197500000800207650001600215999001900231952007200250170224s9999 xx 000 0 und d aTo have or to learn? The effects of materialism on British and Chinese children’s learning. bJournal of Personality and Social Psychology c2014 a106:5 aMay xPsychology. c316799d316799 001040aCLbCLd2017-02-24l0r2017-02-24 00:00:00w2017-02-24ySE